000 00567nam a22002297a 4500
003 UA-OsUOA
001 48892
007 ta
008 20070913b un ||||| |||| 00| 0 ukr d
100 _aКопинець К.
090 _a821.161.2
_bК11
942 _cBK
040 _aUA-OsUOA
_bukr
_cUA-OsUOA
_dUA-OsUOA
245 _aТри поеми
300 _a108 с.
955 _a2
041 _aukr
080 _a821.161.2
260 _aУжгород
_c2004
650 7 _a82 Література. Літературознавство
_2UDC
999 _c334945
_d334945